Online
Catalog

Residencia en la poesía : (Record no. 2617)

MARC details
000 -CABECERA
campo de control de longitud fija 01320cam a2200313 a 4500
001 - NÚMERO DE CONTROL
campo de control 000002783
005 - FECHA Y HORA DE LA ÚLTIMA TRANSACCIÓN
campo de control 20240312122410.0
008 - DATOS DE LONGITUD FIJA--INFORMACIÓN GENERAL
campo de control de longitud fija 060920s2006 sp b 001 p spa
010 ## - NÚMERO DE CONTROL DE LA BIBLIOTECA DEL CONGRESO
Número de control de LC 2006493813
020 ## - NÚMERO INTERNACIONAL ESTÁNDAR DEL LIBRO
Número Internacional Estándar del Libro 8479088532
040 ## - FUENTE DE LA CATALOGACIÓN
Centro catalogador/agencia de origen DO-SdBNP
Centro/agencia transcriptor DLC
082 ## - NÚMERO DE LA CLASIFICACIÓN DECIMAL DEWEY
Número de clasificación 861.09
Número de documento/Ítem A367r
100 1# - ENTRADA PRINCIPAL--NOMBRE DE PERSONA
Nombre de persona Alemany Bay, Carmen,
Fechas asociadas al nombre 1964-
9 (RLIN) 8773
245 10 - MENCIÓN DE TÍTULO
Título Residencia en la poesía :
Resto del título poetas latinoaméricanos del siglo XX. /
Mención de responsabilidad, etc. Carmen Alemany Bay ; prólogo de José Carlos Rovira.
260 ## - PUBLICACIÓN, DISTRIBUCIÓN, ETC.
Lugar de publicación, distribución, etc. Alicante, España :
Nombre del editor, distribuidor, etc. Universidad de Alicante,
Fecha de publicación, distribución, etc. 2006.
300 ## - DESCRIPCIÓN FÍSICA
Extensión 310 p. ;
Dimensiones 18 cm.
440 #0 - MENCIÓN DE SERIE/PUNTO DE ACCESO ADICIONAL--TÍTULO
Título Cuadernos de América sin nombre ;
Designación de volumen o secuencia no. 13
9 (RLIN) 7436
504 ## - NOTA DE BIBLIOGRAFÍA, ETC.
Nota de bibliografía, etc. Bibliografías: p. 305-307.
650 #4 - PUNTO DE ACCESO ADICIONAL DE MATERIA--TÉRMINO DE MATERIA
Término de materia o nombre geográfico como elemento de entrada Poesía latinoaméricana
Subdivisión general Historia y crítica
Subdivisión cronológica SIGLO XX
9 (RLIN) 8774
650 #4 - PUNTO DE ACCESO ADICIONAL DE MATERIA--TÉRMINO DE MATERIA
Término de materia o nombre geográfico como elemento de entrada Poetas hispanoaméricanos
Subdivisión cronológica SIGLO XX
Subdivisión de forma BIOGRAFÍAS
9 (RLIN) 8775
650 #4 - PUNTO DE ACCESO ADICIONAL DE MATERIA--TÉRMINO DE MATERIA
Término de materia o nombre geográfico como elemento de entrada Poetas latinoaméricanos
Subdivisión cronológica SIGLO XX
Subdivisión de forma BIOGRAFÍAS
9 (RLIN) 8776
650 #4 - PUNTO DE ACCESO ADICIONAL DE MATERIA--TÉRMINO DE MATERIA
Término de materia o nombre geográfico como elemento de entrada Poesía latinoaméricana
Subdivisión de forma COLECCIONES
9 (RLIN) 8777
650 #4 - PUNTO DE ACCESO ADICIONAL DE MATERIA--TÉRMINO DE MATERIA
Término de materia o nombre geográfico como elemento de entrada Poesía hispanoaméricanos
Subdivisión de forma COLECCIONES
9 (RLIN) 8778
650 #4 - PUNTO DE ACCESO ADICIONAL DE MATERIA--TÉRMINO DE MATERIA
Término de materia o nombre geográfico como elemento de entrada Literatura hispanoaméricana
Subdivisión general Historia y crítica
Subdivisión cronológica SIGLO XX
9 (RLIN) 8779
650 #4 - PUNTO DE ACCESO ADICIONAL DE MATERIA--TÉRMINO DE MATERIA
Término de materia o nombre geográfico como elemento de entrada Literatura latinoaméricana
Subdivisión general Historia y crítica
Subdivisión cronológica SIGLO XX
9 (RLIN) 8780
650 #0 - PUNTO DE ACCESO ADICIONAL DE MATERIA--TÉRMINO DE MATERIA
Término de materia o nombre geográfico como elemento de entrada Literatura Latinoamericana
9 (RLIN) 8781
700 1# - PUNTO DE ACCESO ADICIONAL--NOMBRE DE PERSONA
Nombre de persona Rovira, José Carlos
Término indicativo de función/relación prol.
9 (RLIN) 7439
910 ## - DATOS DE OPCIÓN DEL USUARIO (OCLC)
Datos de opción del usuario Catalogación por copia / LC
Holdings
Estado de retiro Estado de pérdida Restricciones de uso No para préstamo Código de colección Localización permanente Ubicación/localización actual Ubicación en estantería Fecha de adquisición Número de inventario Total de préstamos Signatura topográfica completa Código de barras Fecha visto por última vez Precio válido a partir de Tipo de ítem Koha
    Préstamo interno   Monografías: Libros y Folletos General General En catalogación 14.07.2009 LF1   861.09 A367r 2783-10 25.06.2020 25.06.2020 Préstamo interno

Powered by Koha